000 01687nam0a2200373 4500
001 RU\NLR\BIBL_A\022566569
005 20260420045705.0
010 _a978-5-91313-377-9
_9200
021 _aRU
_bКН-П-25-023374
_9КН-П-25-2345
035 _a(NLR Aleph) 022566569
090 _a13675092
_c13675092
100 _a20250616d2025 u y0rusy50 ca
101 1 _arus
_aeng
_ceng
_erus
_eeng
102 _aRU
105 _aah||z|||001yy
181 0 _ai3
_baxxe
182 0 _an
200 1 _aДуша астрологии
_fГвидо Бонатти, Джироламо Кардано
_gсоставитель: Уильям Лилли
_gперевод с английского: С. Бартенева и др.]
_gвступление и комментарии Р. Броля (Д. Куталёва)
203 _aТекст
_bвизуальный
_cнепосредственный
205 _aИзд. 2-е, перераб.
210 _aМосква
_cМир Урании
_d2025
215 _a360 с.
_cил., факс., табл.
_d21
225 1 _aСерия "Взгляд в прошлое"
300 _aТекст парал. на рус. и англ. яз.
320 _aБиблиогр.: с. 52-55, 359-360
320 _aАлф. указ.: с. 349-358
606 1 _aАстрология
_91178522
_3RU\NLR\AUTH\66156241
686 1 _aЭ391.211
700 1 _7ca
_8rus
_aБонатти
_bГ.
_gГвидо
_912948
_3RU\NLR\AUTH\7729921
701 1 _7ca
_8rus
_aКардано
_bД.
_f1501-1576
_gДжироламо
_912947
_3RU\NLR\AUTH\7729920
942 _cBOOK
980 _aNB